00515nam a2200169Ia 450000500170000001000130001702000290003003500170005903500130007603700240008908200060011310000260011924500650014526000340021027000800024430000210032420141209120701.0 aBAC-CH25 a9789350092880cRs.195.00 aB-557841-872 aG-002775 bTechniz/venderadpl aS aHawthorne, Nathaniel  aA Wonder - Book for Girls and Boys /cby Nathaniel Hawthorne c2011aGurgaonbHachette India a612/614(6th Floor), Time Tower, MG Road, Sector 28bGurgaone122001 (India) a246p.c17cm(pbk)